उपरा (Record no. 830420)

MARC details
000 -LEADER
fixed length control field 00490nam a2200169Ia 4500
008 - FIXED-LENGTH DATA ELEMENTS--GENERAL INFORMATION
fixed length control field 110201s9999 xx 000 0 und d
082 ## - DEWEY DECIMAL CLASSIFICATION NUMBER
Item number B3879
Classification number K 1645
100 ## - MAIN ENTRY--PERSONAL NAME
Personal name माने लक्ष्मण
245 ## - TITLE STATEMENT
Title उपरा
260 ## - PUBLICATION, DISTRIBUTION, ETC. (IMPRINT)
Name of publisher, distributor, etc ग्रंथाली अभिनव चळवळ
365 ## - TRADE PRICE
Price amount 20
600 ## - SUBJECT ADDED ENTRY--PERSONAL NAME
Personal name माने लक्ष्मण
630 ## - SUBJECT ADDED ENTRY--UNIFORM TITLE
Uniform title उपरा
700 ## - ADDED ENTRY--PERSONAL NAME
Personal name माने लक्ष्मण
730 ## - ADDED ENTRY--UNIFORM TITLE
Uniform title उपरा
942 ## - ADDED ENTRY ELEMENTS (KOHA)
Koha item type Book
Holdings
Withdrawn status Lost status Damaged status Not for loan Home library Current library Date acquired Cost, normal purchase price Total Checkouts Barcode Date last seen Cost, replacement price Price effective from Koha item type
        Prof.Manikrao Kirtane Vachanalaya, Vashi, Navi Mumbai Prof.Manikrao Kirtane Vachanalaya, Vashi, Navi Mumbai 02/01/2011 20.00   PMKV-B3879 02/01/2011 20.00 02/01/2011 Book